[Event "Benidorm Satellite preliminary"]
[Site "playchess.com #007036"]
[Date "2009.10.24"]
[Round "10"]
[White "Nußhardt"]
[Black "Casellina"]
[Result "0-1"]
[WhiteElo "1682"]
[BlackElo "1538"]
[PlyCount "118"]
[EventDate "2009.10.24"]
[EventType "swiss (blitz)"]

1. d4 {[%emt 0:00:05]} Nf6 {[%emt 0:00:01]} 2. e4 {[%emt 0:00:02]} Nxe4 {[%emt
0:00:03]} 3. f3 {[%emt 0:00:01]} Nf6 {[%emt 0:00:01]} 4. Bd3 {[%emt 0:00:01]}
g6 {[%emt 0:00:03]} 5. Be3 {[%emt 0:00:01]} Bg7 {[%emt 0:00:01]} 6. Qd2 {[%emt
0:00:01]} O-O {[%emt 0:00:03]} 7. Bh6 {[%emt 0:00:01]} d6 {[%emt 0:00:07]} 8.
Bxg7 {[%emt 0:00:02]} Kxg7 {[%emt 0:00:01]} 9. f4 {[%emt 0:00:01]} e5 {[%emt 0:
00:09]} 10. fxe5 {[%emt 0:00:03]} dxe5 {[%emt 0:00:01]} 11. dxe5 {[%emt 0:00:
01]} Re8 {[%emt 0:00:05]} 12. Nf3 {[%emt 0:00:02]} Nc6 {[%emt 0:00:10]} 13. O-O
{[%emt 0:00:06]} Nxe5 {[%emt 0:00:04]} 14. Nxe5 {[%emt 0:00:03]} Rxe5 {[%emt 0:
00:04]} 15. Qf4 {[%emt 0:00:01]} Re6 {[%emt 0:00:21]} 16. Nc3 {[%emt 0:00:06]}
Qd6 {[%emt 0:00:15]} 17. Qxd6 {[%emt 0:00:10]} cxd6 {[%emt 0:00:02]} 18. Rae1 {
[%emt 0:00:04]} Rxe1 {[%emt 0:00:03]} 19. Rxe1 {[%emt 0:00:03]} Be6 {[%emt 0:
00:01]} 20. a3 {[%emt 0:00:05]} Rc8 {[%emt 0:00:09]} 21. Ne4 {[%emt 0:00:05]}
Nxe4 {[%emt 0:00:07]} 22. Rxe4 {[%emt 0:00:02]} Bf5 {[%emt 0:00:14]} 23. Rd4 {
[%emt 0:00:02]} Bxd3 {[%emt 0:00:05]} 24. cxd3 {[%emt 0:00:03]} Rc6 {[%emt 0:
00:08]} 25. b4 {[%emt 0:00:04]} Kf6 {[%emt 0:00:05]} 26. Rc4 {[%emt 0:00:03]}
Rxc4 {[%emt 0:00:03]} 27. dxc4 {[%emt 0:00:03]} Ke5 {[%emt 0:00:01]} 28. Kf2 {
[%emt 0:00:03]} Kd4 {[%emt 0:00:01]} 29. c5 {[%emt 0:00:02]} dxc5 {[%emt 0:00:
01]} 30. bxc5 {[%emt 0:00:01]} Kxc5 {[%emt 0:00:01]} 31. Ke3 {[%emt 0:00:01]}
b5 {[%emt 0:00:01]} 32. Kd3 {[%emt 0:00:02]} a5 {[%emt 0:00:01]} 33. Kc3 {
[%emt 0:00:02]} f5 {[%emt 0:00:03]} 34. g3 {[%emt 0:00:03]} g5 {[%emt 0:00:01]}
35. Kd3 {[%emt 0:00:08]} b4 {[%emt 0:00:05]} 36. axb4+ {[%emt 0:00:04]} axb4 {
[%emt 0:00:01]} 37. Kc2 {[%emt 0:00:03]} f4 {[%emt 0:00:02]} 38. gxf4 {[%emt 0:
00:04]} gxf4 {[%emt 0:00:01]} 39. Kd3 {[%emt 0:00:02]} Kd5 {[%emt 0:00:04]} 40.
Kc2 {[%emt 0:00:04]} Kd4 {[%emt 0:00:02]} 41. Kb3 {[%emt 0:00:01]} f3 {[%emt 0:
00:01]} 42. Kxb4 {[%emt 0:00:02]} f2 {[%emt 0:00:01]} 43. Kb5 {[%emt 0:00:01]}
f1=R {[%emt 0:00:04]} 44. Kc6 {[%emt 0:00:01]} Rh1 {[%emt 0:00:01]} 45. Kd6 {
[%emt 0:00:02]} Rxh2 {[%emt 0:00:01]} 46. Ke6 {[%emt 0:00:01]} Rh5 {[%emt 0:00:
02]} 47. Kf6 {[%emt 0:00:02]} Ra5 {[%emt 0:00:02]} 48. Kg7 {[%emt 0:00:02]} Ra6
{[%emt 0:00:02]} 49. Kxh7 {[%emt 0:00:03]} Ke5 {[%emt 0:00:01]} 50. Kg7 {[%emt
0:00:01]} Kf5 {[%emt 0:00:01]} 51. Kf8 {[%emt 0:00:02]} Ra7 {[%emt 0:00:02]}
52. Ke8 {[%emt 0:00:01]} Kf6 {[%emt 0:00:01]} 53. Kd8 {[%emt 0:00:20]} Ke6 {
[%emt 0:00:02]} 54. Kc8 {[%emt 0:00:01]} Kd6 {[%emt 0:00:02]} 55. Kb8 {[%emt 0:
00:01]} Rh7 {[%emt 0:00:01]} 56. Kc8 {[%emt 0:00:03]} Rg7 {[%emt 0:00:01]} 57.
Kb8 {[%emt 0:00:02]} Kc6 {[%emt 0:00:01]} 58. Ka8 {[%emt 0:00:02]} Kb6 {[%emt
0:00:01]} 59. Kb8 {[%emt 0:00:01]} Rg8# {[%emt 0:00:01]} 0-1

[Event "Benidorm Satellite preliminary"]
[Site "playchess.com #007036"]
[Date "2009.10.24"]
[Round "10"]
[White "Alexrules01"]
[Black "Sff3"]
[Result "1-0"]
[WhiteElo "1604"]
[BlackElo "1686"]
[PlyCount "63"]
[EventDate "2009.10.24"]
[EventType "swiss (blitz)"]

1. d4 {[%emt 0:00:01]} e6 {[%emt 0:00:04]} 2. c4 {[%emt 0:00:01]} c6 {[%emt 0:
00:02]} 3. Nc3 {[%emt 0:00:02]} d5 {[%emt 0:00:00]} 4. Nf3 {[%emt 0:00:03]} Nf6
{[%emt 0:00:44]} 5. Bg5 {[%emt 0:00:05]} Be7 {[%emt 0:00:01]} 6. e3 {[%emt 0:
00:01]} O-O {[%emt 0:00:00]} 7. Bd3 {[%emt 0:00:02]} dxc4 {[%emt 0:00:03]} 8.
Bxc4 {[%emt 0:00:01]} b5 {[%emt 0:00:00]} 9. Bb3 {[%emt 0:00:01]} a6 {[%emt 0:
00:00]} 10. Bc2 {[%emt 0:00:02]} Bb7 {[%emt 0:00:09]} 11. O-O {[%emt 0:00:02]}
c5 {[%emt 0:00:05]} 12. Qd3 {[%emt 0:00:07]} g6 {[%emt 0:00:04]} 13. Bh6 {
[%emt 0:00:08]} Re8 {[%emt 0:00:03]} 14. Rad1 {[%emt 0:00:06]} c4 {[%emt 0:00:
01]} 15. Qe2 {[%emt 0:00:03]} Nd5 {[%emt 0:00:02]} 16. e4 {[%emt 0:00:09]} Nxc3
{[%emt 0:00:02]} 17. bxc3 {[%emt 0:00:01]} Bf8 {[%emt 0:00:01]} 18. Bg5 {[%emt
0:00:08]} Be7 {[%emt 0:00:01]} 19. Bh6 {[%emt 0:00:01]} Nd7 {[%emt 0:00:03]}
20. e5 {[%emt 0:00:04]} Nb6 {[%emt 0:00:02]} 21. Be4 {[%emt 0:00:01]} Nd5 {
[%emt 0:00:02]} 22. Qd2 {[%emt 0:00:32]} Rc8 {[%emt 0:00:14]} 23. h3 {[%emt 0:
00:27]} b4 {[%emt 0:00:02]} 24. cxb4 {[%emt 0:00:07]} Bxb4 {[%emt 0:00:02]} 25.
Qc2 {[%emt 0:00:11]} c3 {[%emt 0:00:07]} 26. Nh2 {[%emt 0:00:07]} Bf8 {[%emt 0:
00:03]} 27. Qc1 {[%emt 0:00:22]} Bxh6 {[%emt 0:00:08]} 28. Qxh6 {[%emt 0:00:02]
} c2 {[%emt 0:00:02]} 29. Rc1 {[%emt 0:00:01]} Qa5 {[%emt 0:00:30]} 30. Ng4 {
[%emt 0:00:06]} f5 {[%emt 0:00:07]} 31. exf6 {[%emt 0:00:02]} Qd2 {[%emt 0:00:
09]} 32. Qg7# {[%emt 0:00:03]} 1-0

[Event "Benidorm Satellite preliminary"]
[Site "playchess.com #007036"]
[Date "2009.10.24"]
[Round "10"]
[White "Rpughiii"]
[Black "Wild"]
[Result "0-1"]
[WhiteElo "1325"]
[BlackElo "1388"]
[PlyCount "64"]
[EventDate "2009.10.24"]
[EventType "swiss (blitz)"]

1. e4 {[%emt 0:00:02]} c5 {[%emt 0:00:02]} 2. Nf3 {[%emt 0:00:02]} a6 {[%emt 0:
00:01]} 3. d4 {[%emt 0:00:03]} cxd4 {[%emt 0:00:02]} 4. Nxd4 {[%emt 0:00:01]}
Nf6 {[%emt 0:00:01]} 5. Nc3 {[%emt 0:00:02]} e5 {[%emt 0:00:01]} 6. Nf5 {[%emt
0:00:05]} d5 {[%emt 0:00:02]} 7. Bd3 {[%emt 0:00:27]} dxe4 {[%emt 0:00:09]} 8.
Bxe4 {[%emt 0:00:12]} Nxe4 {[%emt 0:00:03]} 9. Qf3 {[%emt 0:00:22]} Nxc3 {
[%emt 0:00:08]} 10. bxc3 {[%emt 0:00:12]} Nc6 {[%emt 0:00:07]} 11. O-O {[%emt
0:00:02]} Bxf5 {[%emt 0:00:01]} 12. Qxf5 {[%emt 0:00:05]} Be7 {[%emt 0:00:06]}
13. Re1 {[%emt 0:00:06]} Qc7 {[%emt 0:00:01]} 14. Bg5 {[%emt 0:00:23]} Bxg5 {
[%emt 0:00:06]} 15. Qxg5 {[%emt 0:00:03]} O-O {[%emt 0:00:04]} 16. Re3 {[%emt
0:00:03]} f6 {[%emt 0:00:01]} 17. Qh5 {[%emt 0:00:06]} Qf7 {[%emt 0:00:02]} 18.
Qh4 {[%emt 0:00:05]} Ne7 {[%emt 0:00:06]} 19. Rh3 {[%emt 0:00:03]} h6 {[%emt 0:
00:03]} 20. Rg3 {[%emt 0:00:06]} Ng6 {[%emt 0:00:01]} 21. Qh5 {[%emt 0:00:08]}
Kh7 {[%emt 0:00:17]} 22. Rd1 {[%emt 0:00:09]} Nf4 {[%emt 0:00:03]} 23. Qf5+ {
[%emt 0:00:05]} g6 {[%emt 0:00:18]} 24. Rxg6 {[%emt 0:00:02]} Qxg6 {[%emt 0:00:
05]} 25. Rd7+ {[%emt 0:00:01]} Rf7 {[%emt 0:00:07]} 26. Rxf7+ {[%emt 0:00:01]}
Kg8 {[%emt 0:00:11]} 27. Qxg6+ {[%emt 0:00:31]} Nxg6 {[%emt 0:00:03]} 28. Rxf6
{[%emt 0:00:02]} Kg7 {[%emt 0:00:04]} 29. Rb6 {[%emt 0:00:02]} Rb8 {[%emt 0:00:
02]} 30. f3 {[%emt 0:00:03]} Nf4 {[%emt 0:00:03]} 31. Kf2 {[%emt 0:00:02]} Nd5
{[%emt 0:00:02]} 32. Rd6 {[%emt 0:00:03]} Nxc3 {[%emt 0:00:02] Rpughiii resigns
} 0-1

[Event "Benidorm Satellite preliminary"]
[Site "playchess.com #007036"]
[Date "2009.10.24"]
[Round "10"]
[White "Rubirov"]
[Black "Kampfgeist"]
[Result "1-0"]
[WhiteElo "1495"]
[BlackElo "1373"]
[PlyCount "61"]
[EventDate "2009.10.24"]
[EventType "swiss (blitz)"]

1. e4 {[%emt 0:00:03]} e5 {[%emt 0:00:02]} 2. Nf3 {[%emt 0:00:01]} Nc6 {[%emt
0:00:01]} 3. Bb5 {[%emt 0:00:03]} a6 {[%emt 0:00:01]} 4. Bxc6 {[%emt 0:00:03]}
dxc6 {[%emt 0:00:01]} 5. O-O {[%emt 0:00:02]} f6 {[%emt 0:00:04]} 6. d4 {[%emt
0:00:02]} exd4 {[%emt 0:00:02]} 7. Nxd4 {[%emt 0:00:05]} Ne7 {[%emt 0:00:04]}
8. Bf4 {[%emt 0:00:19]} Ng6 {[%emt 0:00:03]} 9. Bg3 {[%emt 0:00:04]} Bc5 {
[%emt 0:00:02]} 10. Nb3 {[%emt 0:00:09]} Bd6 {[%emt 0:00:07]} 11. Bxd6 {[%emt
0:00:15]} cxd6 {[%emt 0:00:02]} 12. f4 {[%emt 0:00:09]} O-O {[%emt 0:00:05]}
13. Nc3 {[%emt 0:00:04]} Re8 {[%emt 0:00:03]} 14. Qf3 {[%emt 0:00:10]} Qe7 {
[%emt 0:00:03]} 15. Rae1 {[%emt 0:00:16]} b5 {[%emt 0:00:04]} 16. Nd4 {[%emt 0:
00:05]} Bb7 {[%emt 0:00:06]} 17. Qd3 {[%emt 0:00:14]} c5 {[%emt 0:00:06]} 18.
Nf5 {[%emt 0:00:03]} Qf7 {[%emt 0:00:18]} 19. Qxd6 {[%emt 0:00:07]} Rac8 {
[%emt 0:00:12]} 20. Nd5 {[%emt 0:00:44]} Red8 {[%emt 0:00:21]} 21. Nde7+ {
[%emt 0:00:19]} Nxe7 {[%emt 0:00:07]} 22. Qxe7 {[%emt 0:00:04]} Qg6 {[%emt 0:
00:13]} 23. Qxb7 {[%emt 0:00:03]} Rb8 {[%emt 0:00:05]} 24. Qxb8 {[%emt 0:00:13]
} Rxb8 {[%emt 0:00:02]} 25. Ne7+ {[%emt 0:00:01]} Kf7 {[%emt 0:00:03]} 26. Nxg6
{[%emt 0:00:01]} Kxg6 {[%emt 0:00:00]} 27. e5 {[%emt 0:00:01]} fxe5 {[%emt 0:
00:04]} 28. fxe5 {[%emt 0:00:03]} Rd8 {[%emt 0:00:01]} 29. e6 {[%emt 0:00:02]}
Re8 {[%emt 0:00:02]} 30. e7 {[%emt 0:00:02]} h6 {[%emt 0:00:02]} 31. Rf8 {
[%emt 0:00:01] Kampfgeist gibt auf} 1-0

[Event "Benidorm Satellite preliminary"]
[Site "playchess.com #007036"]
[Date "2009.10.24"]
[Round "10"]
[White "BLiTzcHAmP"]
[Black "thin_white_duke"]
[Result "1-0"]
[WhiteElo "2698"]
[BlackElo "2388"]
[PlyCount "75"]
[EventDate "2009.10.24"]
[EventType "swiss (blitz)"]

1. e4 {[%emt 0:00:01]} c5 {[%emt 0:00:02]} 2. Nf3 {[%emt 0:00:01]} e6 {[%emt 0:
00:02]} 3. d4 {[%emt 0:00:01]} cxd4 {[%emt 0:00:02]} 4. Nxd4 {[%emt 0:00:00]}
Nc6 {[%emt 0:00:02]} 5. Nc3 {[%emt 0:00:00]} Qc7 {[%emt 0:00:03]} 6. Be3 {
[%emt 0:00:03]} a6 {[%emt 0:00:01]} 7. Be2 {[%emt 0:00:01]} Nf6 {[%emt 0:00:01]
} 8. f4 {[%emt 0:00:02]} d6 {[%emt 0:00:01]} 9. Bf3 {[%emt 0:00:01]} Be7 {
[%emt 0:00:05]} 10. O-O {[%emt 0:00:01]} O-O {[%emt 0:00:01]} 11. g4 {[%emt 0:
00:01]} Nxd4 {[%emt 0:00:01]} 12. Bxd4 {[%emt 0:00:01]} e5 {[%emt 0:00:01]} 13.
fxe5 {[%emt 0:00:02]} dxe5 {[%emt 0:00:02]} 14. Be3 {[%emt 0:00:01]} Be6 {
[%emt 0:00:02]} 15. Nd5 {[%emt 0:00:04]} Bxd5 {[%emt 0:00:04]} 16. exd5 {[%emt
0:00:01]} Rac8 {[%emt 0:00:18]} 17. c3 {[%emt 0:00:03]} e4 {[%emt 0:00:12]} 18.
Bg2 {[%emt 0:00:03]} Rfd8 {[%emt 0:00:01]} 19. g5 {[%emt 0:00:03]} Nxd5 {[%emt
0:00:03]} 20. Bd4 {[%emt 0:00:06]} Bxg5 {[%emt 0:00:18]} 21. Qh5 {[%emt 0:00:
06]} h6 {[%emt 0:00:16]} 22. Bxe4 {[%emt 0:00:02]} Nf4 {[%emt 0:00:30]} 23. Qg4
{[%emt 0:00:08]} Re8 {[%emt 0:00:07]} 24. Rae1 {[%emt 0:00:05]} h5 {[%emt 0:00:
16]} 25. Qg3 {[%emt 0:00:06]} Bh6 {[%emt 0:00:31]} 26. Bxg7 {[%emt 0:00:08]}
Bxg7 {[%emt 0:00:03]} 27. Rxf4 {[%emt 0:00:05]} Re6 {[%emt 0:00:10]} 28. Kh1 {
[%emt 0:00:07]} Qe7 {[%emt 0:00:06]} 29. Rg1 {[%emt 0:00:03]} Qf8 {[%emt 0:00:
14]} 30. Bf5 {[%emt 0:00:03]} Rcc6 {[%emt 0:00:01]} 31. Bxe6 {[%emt 0:00:11]}
Rxe6 {[%emt 0:00:02]} 32. Rf5 {[%emt 0:00:02]} b5 {[%emt 0:00:05]} 33. Rg5 {
[%emt 0:00:01]} Qa8+ {[%emt 0:00:14]} 34. Rg2 {[%emt 0:00:10]} Kf8 {[%emt 0:00:
11]} 35. Rxg7 {[%emt 0:00:04] .} h4 {[%emt 0:00:02]} 36. Rg8+ {[%emt 0:00:01]}
Ke7 {[%emt 0:00:01]} 37. Qxh4+ {[%emt 0:00:01]} Kd7 {[%emt 0:00:02]} 38. Rxa8 {
[%emt 0:00:01] Tiempo} 1-0

[Event "Benidorm Satellite preliminary"]
[Site "playchess.com #007036"]
[Date "2009.10.24"]
[Round "10"]
[White "Antoine2"]
[Black "Mateusz-Morfeusz"]
[Result "1-0"]
[WhiteElo "2888"]
[BlackElo "2477"]
[PlyCount "57"]
[EventDate "2009.10.24"]
[EventType "swiss (blitz)"]

1. d4 {[%emt 0:00:04]} Nf6 {[%emt 0:00:02]} 2. c4 {[%emt 0:00:01]} e6 {[%emt 0:
00:01]} 3. Nc3 {[%emt 0:00:00]} Bb4 {[%emt 0:00:02]} 4. Qc2 {[%emt 0:00:04]}
O-O {[%emt 0:00:02]} 5. a3 {[%emt 0:00:00]} Bxc3+ {[%emt 0:00:00]} 6. Qxc3 {
[%emt 0:00:00]} b6 {[%emt 0:00:00]} 7. Nf3 {[%emt 0:00:02]} Bb7 {[%emt 0:00:01]
} 8. g3 {[%emt 0:00:00]} d6 {[%emt 0:00:02]} 9. Bg2 {[%emt 0:00:00]} Nbd7 {
[%emt 0:00:00]} 10. O-O {[%emt 0:00:00]} a5 {[%emt 0:00:08]} 11. b3 {[%emt 0:
00:01]} Qe7 {[%emt 0:00:02]} 12. Bb2 {[%emt 0:00:03]} Be4 {[%emt 0:00:02]} 13.
Rfd1 {[%emt 0:00:05]} Rfd8 {[%emt 0:00:07]} 14. Rac1 {[%emt 0:00:01]} c5 {
[%emt 0:00:01]} 15. h3 {[%emt 0:00:16]} h6 {[%emt 0:00:04]} 16. Qe3 {[%emt 0:
00:03]} a4 {[%emt 0:00:33]} 17. b4 {[%emt 0:00:38]} Rac8 {[%emt 0:00:28]} 18.
Bc3 {[%emt 0:00:07]} d5 {[%emt 0:00:12]} 19. dxc5 {[%emt 0:00:13]} bxc5 {[%emt
0:00:00]} 20. cxd5 {[%emt 0:00:01]} Bxd5 {[%emt 0:00:15]} 21. Bxf6 {[%emt 0:00:
13]} gxf6 {[%emt 0:00:36]} 22. Rxd5 {[%emt 0:00:11]} cxb4 {[%emt 0:00:02]} 23.
Rxc8 {[%emt 0:00:03]} Rxc8 {[%emt 0:00:00]} 24. axb4 {[%emt 0:00:01]} a3 {
[%emt 0:00:12]} 25. Ra5 {[%emt 0:00:11]} Qxb4 {[%emt 0:00:04]} 26. Qxa3 {[%emt
0:00:00]} Qb1+ {[%emt 0:00:03]} 27. Kh2 {[%emt 0:00:04]} Kg7 {[%emt 0:00:05]}
28. Ra7 {[%emt 0:00:05]} Nf8 {[%emt 0:00:04]} 29. Qe7 {[%emt 0:00:13]
Mateusz-Morfeusz poddaje siê} 1-0

[Event "Benidorm Satellite preliminary"]
[Site "playchess.com #007036"]
[Date "2009.10.24"]
[Round "10"]
[White "Džundi"]
[Black "Phlegias"]
[Result "1-0"]
[WhiteElo "2567"]
[BlackElo "1946"]
[PlyCount "63"]
[EventDate "2009.10.24"]
[EventType "swiss (blitz)"]

1. e4 {[%emt 0:00:02]} c5 {[%emt 0:00:01]} 2. Nf3 {[%emt 0:00:01]} d6 {[%emt 0:
00:00]} 3. Bc4 {[%emt 0:00:07]} Nc6 {[%emt 0:00:02]} 4. O-O {[%emt 0:00:02]} g6
{[%emt 0:00:01]} 5. c3 {[%emt 0:00:07]} a6 {[%emt 0:00:05]} 6. d4 {[%emt 0:00:
02]} b5 {[%emt 0:00:02]} 7. Bb3 {[%emt 0:00:02]} c4 {[%emt 0:00:03]} 8. Bc2 {
[%emt 0:00:02]} Bg7 {[%emt 0:00:02]} 9. b3 {[%emt 0:00:04]} Na5 {[%emt 0:00:16]
} 10. Nbd2 {[%emt 0:00:05]} cxb3 {[%emt 0:00:11]} 11. axb3 {[%emt 0:00:02]} Nc6
{[%emt 0:00:01]} 12. b4 {[%emt 0:00:05]} Bb7 {[%emt 0:00:02]} 13. Bb3 {[%emt 0:
00:06]} e6 {[%emt 0:00:02]} 14. d5 {[%emt 0:00:18]} exd5 {[%emt 0:00:11]} 15.
exd5 {[%emt 0:00:01]} Ne5 {[%emt 0:00:13]} 16. Nxe5 {[%emt 0:00:03]} Bxe5 {
[%emt 0:00:03]} 17. Nf3 {[%emt 0:00:04]} Bxc3 {[%emt 0:00:07]} 18. Bg5 {[%emt
0:00:03]} Bf6 {[%emt 0:00:09]} 19. Re1+ {[%emt 0:00:08]} Kf8 {[%emt 0:00:01]}
20. Qd2 {[%emt 0:00:08]} Bxg5 {[%emt 0:00:07]} 21. Nxg5 {[%emt 0:00:02]} h6 {
[%emt 0:00:10]} 22. Ne4 {[%emt 0:00:15]} Nf6 {[%emt 0:00:05]} 23. Qd4 {[%emt 0:
00:01]} Kg7 {[%emt 0:00:07]} 24. Rac1 {[%emt 0:00:02]} Re8 {[%emt 0:00:04]} 25.
f3 {[%emt 0:00:14]} Re5 {[%emt 0:00:02]} 26. f4 {[%emt 0:00:15]} Rxe4 {[%emt 0:
00:37]} 27. Rxe4 {[%emt 0:00:02]} Kg8 {[%emt 0:00:01]} 28. Re2 {[%emt 0:00:03]}
a5 {[%emt 0:00:17]} 29. bxa5 {[%emt 0:00:02]} Rxa5 {[%emt 0:00:02]} 30. Rce1 {
[%emt 0:00:11]} Ra3 {[%emt 0:00:20]} 31. Re7 {[%emt 0:00:02]} Ng4 {[%emt 0:00:
19]} 32. Re8+ {[%emt 0:00:03] Phlegias gibt auf} 1-0

[Event "Benidorm Satellite preliminary"]
[Site "playchess.com #007036"]
[Date "2009.10.24"]
[Round "10"]
[White "Dr-Bassem"]
[Black "DiabloAmarillo"]
[Result "1-0"]
[WhiteElo "2823"]
[BlackElo "2216"]
[PlyCount "85"]
[EventDate "2009.10.24"]
[EventType "swiss (blitz)"]

1. e4 {[%emt 0:00:01]} c5 {[%emt 0:00:02]} 2. Nf3 {[%emt 0:00:01]} d6 {[%emt 0:
00:02]} 3. c3 {[%emt 0:00:01]} Nf6 {[%emt 0:00:05]} 4. g3 {[%emt 0:00:01]} e6 {
[%emt 0:00:14]} 5. Bg2 {[%emt 0:00:02]} Be7 {[%emt 0:00:03]} 6. O-O {[%emt 0:
00:01]} O-O {[%emt 0:00:01]} 7. Re1 {[%emt 0:00:00]} Nc6 {[%emt 0:00:06]} 8. d4
{[%emt 0:00:01]} cxd4 {[%emt 0:00:08]} 9. cxd4 {[%emt 0:00:00]} d5 {[%emt 0:00:
06]} 10. e5 {[%emt 0:00:01]} Nd7 {[%emt 0:00:03]} 11. Nc3 {[%emt 0:00:02]} a6 {
[%emt 0:00:03]} 12. h4 {[%emt 0:00:02]} h6 {[%emt 0:00:04]} 13. Bf4 {[%emt 0:
00:04]} b5 {[%emt 0:00:12]} 14. Qd2 {[%emt 0:00:08]} Kh7 {[%emt 0:00:02]} 15.
Bf1 {[%emt 0:00:01]} Kg8 {[%emt 0:00:09]} 16. Bd3 {[%emt 0:00:06]} Re8 {[%emt
0:00:07]} 17. Bxh6 {[%emt 0:00:04]} gxh6 {[%emt 0:00:05]} 18. Qxh6 {[%emt 0:00:
00]} Nf8 {[%emt 0:00:03]} 19. Ne4 {[%emt 0:00:13]} dxe4 {[%emt 0:00:11]} 20.
Rxe4 {[%emt 0:00:00]} f5 {[%emt 0:00:06]} 21. exf6 {[%emt 0:00:18]} Bxf6 {
[%emt 0:00:03]} 22. Rg4+ {[%emt 0:00:01]} Kf7 {[%emt 0:00:05]} 23. Rc1 {[%emt
0:00:05]} Nxd4 {[%emt 0:00:07]} 24. Nxd4 {[%emt 0:00:35]} Bxd4 {[%emt 0:00:04]}
25. Rf4+ {[%emt 0:00:10]} Bf6 {[%emt 0:00:07]} 26. Rc7+ {[%emt 0:00:09]} Bd7 {
[%emt 0:00:02]} 27. Rxd7+ {[%emt 0:00:10]} Nxd7 {[%emt 0:00:01]} 28. Qh7+ {
[%emt 0:00:02]} Kf8 {[%emt 0:00:05]} 29. Rg4 {[%emt 0:00:11]} Bg5 {[%emt 0:00:
10]} 30. Rxg5 {[%emt 0:00:06]} Qxg5 {[%emt 0:00:05]} 31. hxg5 {[%emt 0:00:00]}
Ne5 {[%emt 0:00:04]} 32. Qh8+ {[%emt 0:00:01]} Ke7 {[%emt 0:00:04]} 33. Qxe5 {
[%emt 0:00:00]} Rad8 {[%emt 0:00:03]} 34. Bg6 {[%emt 0:00:06]} Rf8 {[%emt 0:00:
02]} 35. Qc7+ {[%emt 0:00:11]} Rd7 {[%emt 0:00:02]} 36. Qc5+ {[%emt 0:00:01]}
Kd8 {[%emt 0:00:02]} 37. Qxf8+ {[%emt 0:00:02]} Kc7 {[%emt 0:00:01]} 38. Qc5+ {
[%emt 0:00:03]} Kd8 {[%emt 0:00:01]} 39. Be4 {[%emt 0:00:02]} Rd1+ {[%emt 0:00:
02]} 40. Kg2 {[%emt 0:00:01]} a5 {[%emt 0:00:01]} 41. g6 {[%emt 0:00:01]} Ke8 {
[%emt 0:00:02]} 42. g7 {[%emt 0:00:01]} Rc1 {[%emt 0:00:05]} 43. g8=Q+ {[%emt
0:00:02] DiabloAmarillo rinde} 1-0

[Event "Benidorm Satellite preliminary"]
[Site "playchess.com #007036"]
[Date "2009.10.24"]
[Round "10"]
[White "Chesstiger9"]
[Black "Racoony"]
[Result "1/2-1/2"]
[WhiteElo "2089"]
[BlackElo "1739"]
[PlyCount "81"]
[EventDate "2009.10.24"]
[EventType "swiss (blitz)"]

1. d4 {[%emt 0:00:00]} Nf6 {[%emt 0:00:19]} 2. Nf3 {[%emt 0:00:01]} g6 {[%emt
0:00:02]} 3. Bg5 {[%emt 0:00:02]} Bg7 {[%emt 0:00:02]} 4. Nc3 {[%emt 0:00:01]}
d5 {[%emt 0:00:01]} 5. Bxf6 {[%emt 0:00:01]} Bxf6 {[%emt 0:00:02]} 6. e4 {
[%emt 0:00:01]} dxe4 {[%emt 0:00:01]} 7. Nxe4 {[%emt 0:00:00]} Bg7 {[%emt 0:00:
01]} 8. Bc4 {[%emt 0:00:01]} O-O {[%emt 0:00:02]} 9. c3 {[%emt 0:00:01]} Nd7 {
[%emt 0:00:09]} 10. O-O {[%emt 0:00:05]} Nf6 {[%emt 0:00:02]} 11. Nxf6+ {[%emt
0:00:02]} Bxf6 {[%emt 0:00:01]} 12. h3 {[%emt 0:00:01]} b6 {[%emt 0:00:28]} 13.
Qe2 {[%emt 0:00:01]} Bb7 {[%emt 0:00:06]} 14. Rad1 {[%emt 0:00:01]} Qd6 {[%emt
0:00:09]} 15. Rfe1 {[%emt 0:00:03]} Rad8 {[%emt 0:00:03]} 16. Ne5 {[%emt 0:00:
02]} e6 {[%emt 0:00:10]} 17. Bb3 {[%emt 0:00:11]} Bxe5 {[%emt 0:00:30]} 18.
dxe5 {[%emt 0:00:03]} Qc6 {[%emt 0:00:01]} 19. f3 {[%emt 0:00:04]} Qc5+ {[%emt
0:00:03]} 20. Kh1 {[%emt 0:00:07]} Qe7 {[%emt 0:00:02]} 21. Qe3 {[%emt 0:00:09]
} Rxd1 {[%emt 0:00:04]} 22. Rxd1 {[%emt 0:00:02]} Rd8 {[%emt 0:00:01] Racoony
bietet Remis} 23. Rxd8+ {[%emt 0:00:03]} Qxd8 {[%emt 0:00:02]} 24. Qd4 {[%emt
0:00:02]} Qxd4 {[%emt 0:00:07]} 25. cxd4 {[%emt 0:00:00]} Kf8 {[%emt 0:00:01]}
26. Kg1 {[%emt 0:00:05]} Ke7 {[%emt 0:00:01]} 27. Kf2 {[%emt 0:00:01]} Bd5 {
[%emt 0:00:11]} 28. Bxd5 {[%emt 0:00:03]} exd5 {[%emt 0:00:01]} 29. f4 {[%emt
0:00:01]} c5 {[%emt 0:00:01]} 30. Ke3 {[%emt 0:00:02]} Ke6 {[%emt 0:00:04]} 31.
g4 {[%emt 0:00:06]} f6 {[%emt 0:00:02]} 32. b3 {[%emt 0:00:04]} h6 {[%emt 0:00:
14]} 33. a4 {[%emt 0:00:12]} a5 {[%emt 0:00:05]} 34. h4 {[%emt 0:00:09]} f5 {
[%emt 0:00:19]} 35. h5 {[%emt 0:00:08]} gxh5 {[%emt 0:00:04]} 36. gxh5 {[%emt
0:00:08]} Ke7 {[%emt 0:00:04]} 37. dxc5 {[%emt 0:00:08]} bxc5 {[%emt 0:00:02]}
38. Kd3 {[%emt 0:00:01]} Ke6 {[%emt 0:00:01]} 39. Kc3 {[%emt 0:00:01]} Ke7 {
[%emt 0:00:01]} 40. Kd3 {[%emt 0:00:05]} Ke6 {[%emt 0:00:02] Chesstiger9
offers a draw Racoony bietet Remis} 41. Kc3 {[%emt 0:00:02] Chesstiger9 offers
a draw} 1/2-1/2